Oscar Best Actor - Double Winners - Statistics

General Stats
  • This quiz has been taken 332 times
  • The average score is 6 of 9
Answer Stats
Years Actor % Correct
1994 1995 Tom Hanks
93%
1990 2008 2013 Daniel Day-Lewis
89%
1976 1998 Jack Nicholson
78%
1955 1973 Marlon Brando
76%
1980 1989 Dustin Hoffman
66%
2004 2009 Sean Penn
64%
1938 1939 Spencer Tracy
63%
1941 1953 Gary Cooper
47%
1933 1947 Fredric March
36%
No matching quizzes found
Score Distribution
Percent of People with Each Score
Percentile by Number Answered
Your Score History
You have not taken this quiz